Visualizzazione normale
Vista MARC
- Schnelle, Udo,
di Personal Name
Records bibliografici associati: 1
001 - CONTROL NUMBER
- control field: 57518
003 - CONTROL NUMBER IDENTIFIER
- control field:
005 - DATE AND TIME OF LATEST TRANSACTION
- control field: 20181116151115.0
008 - FIXED-LENGTH DATA ELEMENTS
- fixed length control field: 181116|| aca||aabn | a|a d
040 ## - CATALOGING SOURCE
- Original cataloging agency:
- Transcribing agency:
100 ## - HEADING--PERSONAL NAME
- Personal name: Schnelle, Udo,
- Dates associated with a name: 1952-
- Relator term: autore
670 ## - SOURCE DATA FOUND
- Source citation: Work cat.: ()0: Schnelle, Udo, 1952- autore, Paulus :, 2003.